00641nam a22001937a 450000500170000000800410001702000180005804000210007604100080009708200160010510000320012124501170015325000120027026000340028230000100031665000650032670000260039170000300041720260317085725.0260317b |||||||| |||| 00| 0 eng d a9789347492112 aIN-DiNCcIN-DiNC dasm a370.54bCHA aChaliha, Beda Kumareauthor aSwadhinuttar kalor bharatar shikshar bikash (Major12)/cby Beda Kumar Chaliha, Tarun Saikia and Runu Bora Saikia a1st ed. aJorhat:bBidya bhawan,c2026. a344p. aDevelopment of education in post independent India (Major12) aSaikia, Taruneauthor aSaikia, Runu Boraeauthor